| 000 | 00400nam a2200145Ia 4500 | ||
|---|---|---|---|
| 008 | 230312s9999||||xx |||||||||||||| ||und|| | ||
| 020 | _a0-87447-544-9 | ||
| 082 |
_a378.154 _bCOL |
||
| 245 | 0 | _aCollege Costs & Financial Aid HandBook | |
| 260 |
_bCollege Entrance Examination Board _aNew York _c1996 |
||
| 300 | _a330 | ||
| 546 | _aEng. | ||
| 650 |
_aManagement _vWhat does college cost ? |
||
| 942 | _cBK | ||
| 999 |
_c1964 _d1964 |
||